zpět

Detail výsledku týmu

Tenis klub, Pardubice

Datum a čas kvízu

39.5 Celkem bodů Celkový počet nahraných bodů na tomto kvízu bez doplňovacích otázek.
3. Pořadí na kvízu Konečné umístění týmu na tomto kvízu.

Zaznamenané odpovědi

# Otázka Odpověď Body Výsledky
1. Provoz a výrobu v rafinérii v... Litvínov 1
2. Letiště Šin-Čitose na japonské... nůžky 0
3. Jeden z nejkrásnějších, ale té... Jennifer Lopez, Ben Affleck 1
4. Ve čtvrtek byla zahájena naše... České Budějovice, 50. ročník 1
5. Při fotbalovém zápase peruánsk... močil (u rohového praporku) 0
6. Historie Texasu je těsně spoje... San Antonio 0
7. Jak se jmenuje řeka, která tvo... Rio Grande (Rio Bravo) 1
8. Jedním z důvodů navštívit Hous... Saturn V 0.5
9. Jak se jmenuje hlavní město Te... Austin 1
10. Mezi několik známých osobností... Eva Longoria, Zoufalé manželky 1